Rozvoj zelených inovácií a ich vplyv na environmentálnu udržateľnosť bakalárska práca

Gespeichert in:
Bibliographische Detailangaben
1. Verfasser: Hajdáková, Miroslava
Körperschaft: Fakulta podnikového manažmentu EU. Katedra manažmentu výroby a logistiky - zrušená
Weitere Verfasser: Gubová, Klaudia, 1986-
Format: Buch
Sprache:Slowakisch
Veröffentlicht: Bratislava 2022
Tags: Tag hinzufügen
Keine Tags, Fügen Sie das erste Tag hinzu!

MARC

LEADER 00000nbm a2200000 4500
001 0285390
005 20230412092257.8
041 0 |a slo 
044 |a SK 
245 1 0 |a Rozvoj zelených inovácií a ich vplyv na environmentálnu udržateľnosť  |b bakalárska práca  |c Miroslava Hajdáková ; školiteľ: Klaudia Gubová 
264 1 |a Bratislava  |c 2022 
300 |a 45 s. 
100 1 |a Hajdáková, Miroslava 
700 1 |a Gubová, Klaudia, 1986- 
710 2 |a Fakulta podnikového manažmentu EU. Katedra manažmentu výroby a logistiky - zrušená